| 000 | 00558nam a2200217 a 4500 | ||
|---|---|---|---|
| 999 |
_c6587 _d6587 |
||
| 001 | 6587 | ||
| 003 | BD-JhCC | ||
| 005 | 20180127090608.0 | ||
| 008 | 180127s1985 U a|||| || | 000 0 eng d | ||
| 035 | _a(BD-JhCC)6587 | ||
| 040 |
_aBD-JhCC _dBD-JhCC |
||
| 041 | _aeng | ||
| 082 |
_a428.24 _bGER 1985 |
||
| 100 | _aGregg, Joan Young | ||
| 245 |
_aCommunication and Culture / _cJoan Young Gregg, |
||
| 260 |
_aUSA : _bWadsworth Publication Company _c1985 |
||
| 300 |
_a316 p. : _c24 cm. |
||
| 650 | _aEnglish Language | ||
| 942 |
_2ddc _cBK |
||